<?xml version="1.0" encoding="UTF-8"?>
<marc:record xmlns:marc="http://www.loc.gov/MARC21/slim">
   <marc:leader>00000nam a2200000 a 4500</marc:leader>
   <marc:datafield ind1="1" ind2=" " tag="100">
      <marc:subfield code="a">Fischer, Ernst Peter</marc:subfield>
      <marc:subfield code="4">ctb</marc:subfield>
      <marc:subfield code="e">Mitwirkende/-r</marc:subfield>
   </marc:datafield>
   <marc:datafield ind1=" " ind2=" " tag="653">
      <marc:subfield code="a">Geschichte</marc:subfield>
   </marc:datafield>
   <marc:datafield ind1=" " ind2=" " tag="653">
      <marc:subfield code="a">Elektrizität</marc:subfield>
   </marc:datafield>
   <marc:datafield ind1=" " ind2=" " tag="653">
      <marc:subfield code="a">Einführung</marc:subfield>
   </marc:datafield>
   <marc:datafield ind1="0" ind2="0" tag="245">
      <marc:subfield code="a">Das große Buch der Elektrizität</marc:subfield>
   </marc:datafield>
   <marc:datafield ind1="0" ind2="0" tag="245">
      <marc:subfield code="c">Ernst Peter Fischer</marc:subfield>
   </marc:datafield>
   <marc:datafield ind1=" " ind2="1" tag="264">
      <marc:subfield code="a">Köln</marc:subfield>
      <marc:subfield code="b">Ed. Fackelträger</marc:subfield>
      <marc:subfield code="c">2011</marc:subfield>
   </marc:datafield>
   <marc:datafield ind1="1" ind2=" " tag="520">
      <marc:subfield code="a">Angaben aus der Verlagsmeldung

Das große Buch der Elektrizität / von Ernst Peter Fischer

Welt unter Strom - Was wäre unsere Welt ohne Strom? Arbeit, Licht, Mobilität, Kommunikation – nicht nur die moderne Gesellschaft weltweit, sondern jeder Einzelne von uns ist abhängig von der Elektrizität. Wir leben im elektronischen Zeitalter. Unsere Welt steht unter Strom. - Der Wissenschaftshistoriker und Bestsellerautor Ernst Peter Fischer erzählt verständlich und unterhaltsam die Geschichte der Elektrizität. Verbunden mit so klangvollen Namen wie Alessandro Volta, Michael Faraday, Thomas Alva Edison, Werner von Siemens und Heinrich Hertz erinnert an erste Versuchen mit teils skurrilen Apparaturen und an bahnbrechende technische Entwicklungen, die unser heutiges Leben prägen. Infokästen, mehr als 400 Bilder und Grafiken machen dieses Buch zu einer lehrreichen wie kurzweiligen Lektüre und vermitteln die Grundlagen zum Verständnis der aktuellen Debatten über Energiewirtschaft und die Technologien der Zukunft.
</marc:subfield>
   </marc:datafield>
   <marc:datafield ind1=" " ind2=" " tag="020">
      <marc:subfield code="a">9783771644840</marc:subfield>
      <marc:subfield code="9">9783771644840</marc:subfield>
   </marc:datafield>
   <marc:datafield ind1=" " ind2=" " tag="020">
      <marc:subfield code="a">3771644844</marc:subfield>
      <marc:subfield code="9">3771644844</marc:subfield>
   </marc:datafield>
   <marc:datafield ind1=" " ind2=" " tag="041">
      <marc:subfield code="a">ger</marc:subfield>
   </marc:datafield>
   <marc:datafield ind1=" " ind2=" " tag="300">
      <marc:subfield code="a">363 S.</marc:subfield>
   </marc:datafield>
</marc:record>
